000 00642nam a2200241 i 4500
001 C2-0268572
003 PPAK
005 20180727235445.0
008 060808s2004 nyu |||| ||||| | eng d
020 _a0071375937
040 _aPPAK
_beng
_cPPAK
_erda
082 0 4 _a547
_223
090 0 0 _a547
_bGOK
_dR
100 1 _aGokel, George W.,
_eauthor
245 1 0 _aDean's handbook of organic chemistry
264 1 _aNew York :
_bMcGraw-Hill ,
_c2004
300 _avarious pages ;
_c24 cm
336 _2rdacontent
_atext
337 _2rdamedia
_aunmediated
338 _2rdacarrier
_avolume
650 1 0 _aChemistry, Organic.
942 _ddc
_cB
999 _c77369
_d77369